Del Tabernáculo al Templo: sobre el espacio sagrado en el Judaísmo antiguo
Spremljeno u:
| Glavni autor: | |
|---|---|
| Format: | Knjiga |
| Jezik: | španjolski |
| Izdano: |
Pamplona
Verbo Divino
2016
|
| Izdanje: | 1a. ed |
| Teme: | |
| Oznake: |
Dodaj oznaku
Bez oznaka, Budi prvi tko označuje ovaj zapis!
|
MARC
| LEADER | 00000cam a2200000 a 4500 | ||
|---|---|---|---|
| 001 | UCD4801 | ||
| 003 | CL-VaPUC | ||
| 008 | 160722e20160000sp |||||||||||||||||spa|d | ||
| 020 | |a 9788490732434 | ||
| 082 | 0 | 4 | |a 296.491 |b ROI |2 21 |
| 100 | 0 | |a Roitman, Adolfo D |e author |9 588524 | |
| 245 | 1 | 0 | |a Del Tabernáculo al Templo: sobre el espacio sagrado en el Judaísmo antiguo |
| 250 | |a 1a. ed | ||
| 300 | |a 326 p | ||
| 942 | |c BK | ||
| 945 | |d 20160722 23:21:00 |a dcastane | ||
| 260 | |a Pamplona |b Verbo Divino |c 2016 | ||
| 650 | 0 | |a Judaísmo |9 269348 | |
| 650 | 7 | |a RITOS |2 CL-VaPUC |9 337654 | |
| 650 | 7 | |a TEMPLOS |2 CL-VaPUC |9 266644 | |
| 583 | |a last modification |c 20160722 23:21:00 |k Rodrigo Vera | ||
| 999 | |c 365633 |d 365631 | ||
| 952 | |0 0 |1 0 |3 erb |4 0 |6 296_491000000000000_ROI_2016 |7 0 |8 A |9 479520 |a BIBTEO |b BIBTEO |i 5298466 |o 296.491 ROI 2016 |p 5298466 |r 2025-01-17 |w 2019-11-24 |y BK |z Catalogado en:20160722 |k ICR | ||